• 首页
  • 本馆介绍
  • 公告通知
  • 最新文献
  • 馆藏检索
  • 电子资源
  • 读者导购
  • 参考咨询
  • 我的图书馆
  • 登录
  • 详细信息显示
  • 放入我的书架
  • 预约/预借图书
  • 作者相关作品
  • 分类相关作品
  • 丛书相关作品
  • 出版社相关作品

书目信息

  • 表格格式
  • 工作单格式
  • 卡片格式
题名:
机械制图新旧标准代换教程
    
 
作者: 王槐德 主编
分册:  
出版信息: 北京   中国标准出版社  2004.06
页数: 190页
开本: 19cm
丛书名:
单 册:
中图分类: TH121
科图分类:
主题词: 机械设计--标准 , 机械--计算--标准 , 机械制图--标准 , 机械设计--规格 , 机械--计算--规格 , 机械制图--规格 , 标准设计
电子资源:
ISBN: 7-5066-3508-9
000 00868nam0 2200289 450
001 0763523532
005 20071213173918.55
010    @a7-5066-3508-9@dCNY12.00
100    @a20071213d2004 km y0chiy0120 ea
101 0  @achi
102    @aCN@b110000
200 1  @a机械制图新旧标准代换教程@Aji xie zhi tu xin jiu biao zhun dai huan jiao cheng@e修订版@f王槐德主编@Fwang huai de zhu bian
210    @a北京@c中国标准出版社@d2004.06
215    @a190页@d19cm
517 1  @a修订版@Axiu ding ban
606 0  @a机械设计@x标准
606 0  @a机械@x计算@x标准
606 0  @a机械制图@x标准
606 0  @a机械设计@x规格
606 0  @a机械@x计算@x规格
606 0  @a机械制图@x规格
606 0  @a标准设计
690    @aTH121@v4
701  0 @a王槐德@Awang huai de@4主编
801  0 @aCN@b大连网信软件有限公司图书馆@c20071213
905    @aBZT@dTH121@e1
906    @dCNY12.00@n0@r1
    
    机械制图新旧标准代换教程:修订版/王槐德主编.-北京:中国标准出版社,2004.06
    190页;19cm
    
    
    ISBN 7-5066-3508-9:CNY12.00
    
●
相关链接 在五车中查询图书 在当当中查询图书 在豆瓣中查询图书


正题名:机械制图新旧标准代换教程     索取号:TH121/1         预约/预借

序号 登录号 条形码 馆藏地/架位号 状态 备注
1 600488   2000600488   中心书库中库/ 中库030架A面3列4层14/ [索取号:TH121/1] 在馆    
2 600489   2000600489   中心书库中库/ 中库030架A面3列3层20/ [索取号:TH121/1] 在馆    
3 600490   2000600490   中心书库中库/ 中库030架A面3列3层19/ [索取号:TH121/1] 在馆    
4 600491   2000600491   中心书库中库/ 中库030架A面3列4层12/ [索取号:TH121/1] 在馆    
5 600492   2000600492   中心书库中库/ 中库030架A面3列4层13/ [索取号:TH121/1] 在馆    
6 600493   2000600493   中心书库中库/ 中库030架A面3列3层21/ [索取号:TH121/1] 在馆    
7 600494   2000600494   中心书库中库/ 中库030架A面3列3层23/ [索取号:TH121/1] 在馆    
8 600495   2000600495   中心书库中库/ 中库030架A面3列3层24/ [索取号:TH121/1] 在馆    
9 600496   2000600496   中心书库中库/ 中库030架A面3列4层15/ [索取号:TH121/1] 在馆    
10 600497   2000600497   中心书库中库/ 中库030架A面3列3层22/ [索取号:TH121/1] 在馆    
山东省滨州职业学院图书馆 欢迎您!
大连网信软件有限公司© 版权所有